000 00787nam a2200241 i 4500
001 7935
003 ES-MaACL
005 20250813062708.0
007 t|
008 910612s1989 sp ||||1| spa d
020 _a84-206-3242-2
080 _a86-311.2"18/19"
080 _a86(Perez de Ayala,R.7 T.01)
100 1 _aPérez de Ayala, Ramón,
_d1880-1962
_990763
245 1 0 _aTrece dioses
_b: (fragmentos de las memorias de Florencio Florez) /
_cRamon Perez de Ayala ; edicion de Geraldine M. Scanlon.
260 _aMadrid :
_bAlianza,
_cD.L. 1989.
300 _a123 p. ;
_c20 cm.
490 1 _aAlianza tres ;
_v242
700 1 _aScanlon, Geraldine M.
_9104137
830 0 0 _aAlianza tres
_v242
_9177344
852 _aES-MaACL
_jL-15347
_bR.118975
_z. - rust.
999 _c7935
_d7935